Imperial County, CA communities - Statistics

General Stats
  • This quiz has been taken 8 times
  • The average score is 10 of 17
Answer Stats
Hint Answer % Correct
City Brawley
100%
City Calexico
100%
City El Centro
100%
City Holtville
100%
City Imperial
100%
City Calipatria
60%
CDP Heber
60%
CDP Seeley
60%
City Westmorland
60%
CDP Bombay Beach
40%
CDP Desert Shores
40%
CDP Niland
40%
CDP Winterhaven
40%
CDP Ocotillo
20%
CDP Palo Verde
20%
CDP Salton City
20%
CDP Salton Sea Beach
20%
No matching quizzes found
Score Distribution
Percent of People with Each Score
Percentile by Number Answered
Your Score History
You have not taken this quiz